The scarlet letter / (Record no. 10090)
[ view plain ]
| 000 -LEADER | |
|---|---|
| fixed length control field | 00864nam a22002897a 4500 |
| 003 - CONTROL NUMBER IDENTIFIER | |
| control field | OSt |
| 005 - DATE AND TIME OF LATEST TRANSACTION | |
| control field | 20260421094641.0 |
| 008 - FIXED-LENGTH DATA ELEMENTS--GENERAL INFORMATION | |
| fixed length control field | 260421b |||||||| |||| 00| 0 eng d |
| 010 ## - LIBRARY OF CONGRESS CONTROL NUMBER | |
| LC control number | 6517435 |
| 020 ## - INTERNATIONAL STANDARD BOOK NUMBER | |
| International Standard Book Number | 0553210092 |
| 040 ## - CATALOGING SOURCE | |
| Language of cataloging | eng |
| Transcribing agency | BANTAM BOOKS |
| 050 ## - LIBRARY OF CONGRESS CALL NUMBER | |
| Classification number | PS 1868 |
| Item number | .A1 1986 |
| 082 ## - DEWEY DECIMAL CLASSIFICATION NUMBER | |
| Edition information | 19 |
| Classification number | 813/.3 |
| 100 ## - MAIN ENTRY--PERSONAL NAME | |
| Personal name | Hawthorne, Nathaniel, |
| Dates associated with a name | 1804-1864, |
| Relator term | author. |
| 245 ## - TITLE STATEMENT | |
| Title | The scarlet letter / |
| Remainder of title | by Nathaniel Hawthorne. |
| 250 ## - EDITION STATEMENT | |
| Edition statement | first edition. |
| 260 ## - PUBLICATION, DISTRIBUTION, ETC. | |
| Place of publication, distribution, etc. | New York : |
| Name of publisher, distributor, etc. | Bantam Books, |
| Date of publication, distribution, etc. | 1986. |
| 300 ## - PHYSICAL DESCRIPTION | |
| Extent | 244 pages ; |
| Dimensions | 18 cm. |
| 490 ## - SERIES STATEMENT | |
| Series statement | A Bantam classic |
| 500 ## - GENERAL NOTE | |
| General note | Originally published in 1850. |
| 650 ## - SUBJECT ADDED ENTRY--TOPICAL TERM | |
| Topical term or geographic name entry element | Puritans |
| Form subdivision | Fiction. |
| Geographic subdivision | Massachusetts |
| 650 ## - SUBJECT ADDED ENTRY--TOPICAL TERM | |
| Topical term or geographic name entry element | Adultery |
| General subdivision | Fiction. |
| 655 ## - INDEX TERM--GENRE/FORM | |
| Genre/form data or focus term | Psychological fiction. |
| 655 ## - INDEX TERM--GENRE/FORM | |
| Source of term | lcgft |
| Genre/form data or focus term | Classic literature. |
| 655 ## - INDEX TERM--GENRE/FORM | |
| Source of term | lcgft |
| Genre/form data or focus term | Historical fiction. |
| 942 ## - ADDED ENTRY ELEMENTS (KOHA) | |
| Source of classification or shelving scheme | Library of Congress Classification |
| Koha item type | Books |
| Edition | 1st ed. |
| Suppress in OPAC | No |
| Withdrawn status | Lost status | Source of classification or shelving scheme | Damaged status | Not for loan | Home library | Current library | Date acquired | Total checkouts | Full call number | Barcode | Date last seen | Price effective from | Koha item type |
|---|---|---|---|---|---|---|---|---|---|---|---|---|---|
| Library of Congress Classification | PIU Library | Main Library | 04/21/2026 | PS 1868 .A1 1986 | PIUDLMUR1014 | 04/21/2026 | 04/21/2026 | Books |